| Tag |
First Indicator |
Second Indicator |
Subfields |
| LEADER |
00000cam a2200000 a 4500 |
| 001 |
in00000899883 |
| 005 |
20150923162649.0 |
| 007 |
hd afv---baca |
| 007 |
hd bfv---baaa |
| 008 |
841107s1661 miuc al 00010 eng d |
| 035 |
|
|
|a (OCoLC)11358304
|
| 035 |
|
|
|9 AEM2324AM
|
| 037 |
|
|
|a CL0037000051
|b University Microfilms International
|
| 037 |
|
|
|b University Microfilms International, 300 N. Zeeb Rd., Ann Arbor, MI 48106
|
| 040 |
|
|
|a EAK
|c EAK
|d m/c
|d UtOrBLW
|
| 043 |
|
|
|a e-uk-st
|
| 049 |
|
|
|a TXAI
|
| 090 |
|
|
|a KDC76
|b 1661
|
| 099 |
|
|
|a film
|a B
|a 3609
|
| 110 |
1 |
|
|a Scotland.
|
| 240 |
1 |
0 |
|a Laws, etc.
|
| 245 |
1 |
4 |
|a The laws and acts of the first Parliament of our most high and dread soveraign Charles the Second ... :
|b holden at Edinburgh the first of January, 1661 by a noble Lord, John, Earl of Middleton ... with the special advice and consent of the estates of Parliament /
|c extracted and collected from the records of Parliament by Sir Archibald Primerose.
|
| 264 |
|
3 |
|a Edinburgh :
|b Printed by Evan Tyler ...,
|c 1661.
|
| 300 |
|
|
|a 118 pages, 2 unnumbered pages :
|b portrait
|
| 336 |
|
|
|a text
|b txt
|2 rdacontent
|
| 337 |
|
|
|a microform
|b h
|2 rdamedia
|
| 338 |
|
|
|a microfilm reel
|b hd
|2 rdacarrier
|
| 500 |
|
|
|a Frontispiece: portrait of Charles II.
|
| 500 |
|
|
|a Reproduction of original in the University of Illinois Library.
|
| 510 |
4 |
|
|a Wing
|c S1271.
|
| 533 |
|
|
|a Microfilm.
|b Ann Arbor, Mich. :
|c University Microfilms International,
|d 1983.
|e 1 microfilm reel ; 35 mm.
|f (Early English books, 1641-1700 : 1469:5)
|
| 500 |
|
|
|a Microform.
|
| 610 |
1 |
0 |
|a Scotland.
|b Parliament.
|
| 700 |
1 |
|
|a Primrose, Archibald,
|c Sir,
|d 1616-1679.
|
| 830 |
|
0 |
|a Early English books, 1641-1700 ;
|v 1469:5.
|
| 999 |
|
|
|a MARS
|
| 999 |
f |
f |
|s 8996d0ed-95b7-3180-9927-a46d93452748
|i 7275c2ac-da0c-3201-9821-ab26f0e29dae
|t 0
|
| 952 |
f |
f |
|p default
|a Texas A&M University
|b College Station
|c Sterling C. Evans Library
|d Evans: Microforms (3rd floor)
|t 0
|e film B 3609 1469:5
|h Other scheme
|i microform -- microfilm reel
|
| 998 |
f |
f |
|a film B 3609 1469:5
|t 0
|l Evans: Microforms (3rd floor)
|